LIBRARY & INFORMATION CENTRE, KCAET, TAVANUR

ONLINE PUBLIC ACCESS CATALOGUE (OPAC)

Introduction to rice-grain technology (Record no. 15419)

MARC details
000 -LEADER
fixed length control field 00369nam a22001337a 4500
020 ## - INTERNATIONAL STANDARD BOOK NUMBER
ISBN 9789380308586
082 ## - DEWEY DECIMAL CLASSIFICATION NUMBER
Classification number 664.756
Item number BHA/IN
100 ## - MAIN ENTRY--AUTHOR NAME
Personal name Bhattacharya, Kshirod R
245 ## - TITLE STATEMENT
Title Introduction to rice-grain technology
260 ## - PUBLICATION, DISTRIBUTION, ETC. (IMPRINT)
Place of publication New Delhi
Name of publisher Woodhead Publishing India Pvt. Litd.
Year of publication 2015
300 ## - PHYSICAL DESCRIPTION
Number of Pages 300p
700 ## - ADDED ENTRY--PERSONAL NAME
Personal name Ali, Syed Zakiuddin
942 ## - ADDED ENTRY ELEMENTS (KOHA)
Koha item type Books
Holdings
Withdrawn status Lost status Damaged status Collection code Home library Current library Shelving location Date acquired Source of acquisition Cost, normal purchase price Full call number Accession Number Koha item type
        KAUAET KAUAET General Stacks 31/03/2018 Vigyan Books 3295.00 664.756 BHA/IN 25677 Books
free website counter